[Event "Open Ouest 06/07 (Istres)"]
[Site "?"]
[Date "2007.01.13"]
[Round "4"]
[White "Person, Claude"]
[Black "Humbert, Didier"]
[Result "1-0"]
[WhiteElo "1400"]
[BlackElo "1580"]
[Annotator "Fritz 7 (30s)"]
[PlyCount "137"]
[EventDate "2007.??.??"]

1. e4 g6 {B06: Modern Defence} 2. d4 Bg7 3. Nf3 Nf6 4. Bd3 O-O 5. c3 d6 {
dernier coup de la bibliotheque} 6. h3 Bd7 7. O-O b6 8. Bg5 h6 9. Bf4 Nh5 10.
Bh2 Nc6 11. Nbd2 (11. e5 $5 $16) 11... e5 $14 12. d5 {
Cette poussee gagne de l'espace} Ne7 13. Ne1 c6 {Couvre b5} 14. c4 (14. dxc6
Bxc6 15. Qe2 Qc7 $14) 14... c5 15. Rb1 f5 {Les noirs ebranle la chaine de pions
} (15... a6 16. Be2 $11) 16. Be2 (16. exf5 $142 $5 Nxf5 17. g4 $16) 16... Nf6
$11 17. f3 {Consolide g4} f4 {Les noirs gagne de l'espace} 18. Kh1 Nh5 19. Nd3
Bf6 20. Qe1 Nc8 21. Rg1 Kh7 22. Qf1 Bh4 23. Qd1 Ne7 24. Nf1 Ng8 25. g3 (25. Qd2
Ng3+ 26. Bxg3 Bxg3 27. Nxg3 fxg3 $15) 25... Bg5 (25... fxg3 $5 26. Nxg3 Nf4 $17
) 26. h4 (26. g4 Ng7 $15) 26... Be7 27. Qe1 Bh3 28. Nf2 (28. Qd2 $142 $5 $15 {
devrait etre envisage}) 28... Bxf1 $17 29. Qxf1 fxg3 30. Bxg3 Bxh4 31. Qh3 $4 {
triste, mais quoi avec d'autre les blancs pourrait sauver la partie?} (31. Bh2
$142 $17) 31... Nxg3+ (31... Bxg3 $5 {semble meme mieux} 32. Rxg3 Nf4 33. Qf1
Qh4+ 34. Rh3 Nxh3 35. Nxh3 $19) 32. Rxg3 Bxg3 33. Qxg3 Rf4 34. Kg2 (34. Nd3
Rh4+ 35. Kg2 g5 $19) 34... Qh4 (34... Nf6 {peut etre le plus court chemin} 35.
Qh2 Nh5 36. Ng4 $19) 35. Rh1 (35. Nd3 Qxg3+ 36. Kxg3 Rf7 $19) 35... Qxg3+ 36.
Kxg3 Nf6 37. Nd3 Nh5+ 38. Rxh5 {NOTEXT: 246} gxh5 39. Nxf4 Rg8+ (39... exf4+ $6
40. Kxf4 Rg8 41. Bf1 $19) 40. Kh4 Rg5 $4 {met la victoire aux oubliettes} (
40... exf4 $142 {et le reste est une affaire de technique} 41. Kxh5 Rg5+ 42.
Kh4 Rg2 $19) 41. Ne6 Rg2 42. Bf1 Rh2+ (42... Rxb2 43. a3 $11) 43. Kg3 (43. Bh3
$142 $5 Kg6 44. Nc7 $16) 43... Rxb2 $11 44. Bh3 (44. a3 Kg6 $11) 44... Rxa2 (
44... b5 45. cxb5 c4 46. Bf1 $17) 45. Bf5+ (45. f4 Ra3+ 46. Kh4 exf4 $11) 45...
Kh8 (45... Kg8 $142 46. f4 exf4+ 47. Kxf4 h4 $17) 46. Bg6 $2 (46. f4 exf4+ 47.
Kxf4 Kg8 $11) 46... Ra4 $4 {autorise l'adversaire a revenir dans la partie} (
46... b5 47. f4 bxc4 48. fxe5 dxe5 49. Bxh5 $19) 47. Kh4 $2 (47. f4 $142 {
garderait les blancs en vie} exf4+ 48. Kf3 $17) 47... Rxc4 $19 48. Kxh5 a5 (
48... Rc1 49. Be8 $19) 49. Kxh6 $2 (49. f4 $142 Rc2 50. fxe5 Rh2+ 51. Kg4 dxe5
52. Nc7 $17) 49... a4 $19 50. Bh7 $4 {
terrible, mais que pourrait jouer d'autre les blancs pour sauver la partie?} (
50. f4 a3 51. fxe5 $19) 50... Rc1 51. Ng5 (51. Bf5 {n'est pas un salut} a3 52.
Ng5 a2 53. Nf7+ Kg8 54. Nxd6 Rg1 55. Be6+ Kf8 $19) 51... Rh1+ 52. Kg6 Rxh7 $1 {
ce n'est qu'un au revoir mes freres...} 53. Nxh7 a3 54. Ng5 a2 55. Nf7+ Kg8 56.
Nxd6 a1=Q 57. Kf6 (57. Kf5 {N'ameliore vraiment rien} Qc1 $19) 57... b5 $1 {
NOTEXT: 248 a6-d6} 58. Nf5 (58. Nxb5 Qa6+ {NOTEXT: 249}) 58... b4 59. d6 Qd4 (
59... Kf8 60. d7 Qa5 61. Nd6 Qd8+ 62. Ke6 Qe7+ 63. Kd5 Qxd7 64. Kxc5 Qc7+ 65.
Kxb4 Qxd6+ 66. Kc3 Qd4+ 67. Kb3 Qd3+ 68. Kb4 Qxf3 69. Kb5 Qb3+ 70. Kc6 Ke7 71.
Kc5 Qc3+ 72. Kd5 Qd4+ 73. Kc6 Qc4+ 74. Kb7 Kd6 75. Kb6 Qb4+ 76. Ka6 Kc6 77. Ka7
Qb7#) 60. Ke6 (60. Nxd4 b3 61. d7 Kh7 62. d8=Q exd4 63. Qd7+ Kh6 64. Qh3#)
60... b3 (60... Qc4+ {semble mieux} 61. Kd7 Qa2 62. Ne7+ Kg7 63. Nd5 $19) 61.
Ne7+ (61. Nxd4 cxd4 62. d7 Kg7 63. d8=Q d3 64. Qg5+ Kf8 65. Qg6 b2 66. Qf7#)
61... Kf8 $19 62. d7 b2 (62... Qd2 $142 {et les noirs gagne} 63. Nc6 c4 64.
d8=Q+ Qxd8 65. Nxd8 c3 66. Kxe5 b2 67. Ne6+ Kf7 $19) 63. Nd5 $18 Qa4 (63... Kg7
{un essai sterile qui modifie le cours de la partie} 64. d8=Q Qg1 65. Qe7+ Kh6
66. Qf8+ Qg7 67. Qb8 $18) 64. d8=Q+ Qe8+ 65. Qxe8+ Kxe8 66. Nc3 Kd8 67. Kxe5
Kc7 (67... Ke7 {ne gagne pas un prix} 68. f4 c4 69. Kd4 $18) 68. Kd5 (68. Kf6
$142 {et les blancs ramene le point a la maison} Kb6 69. Na4+ Ka5 70. Nxb2 Kb4
71. Nd3+ Kc4 72. Nxc5 Kb4 $18) 68... Kb6 (68... Kd7 $18 {
la seule chance pour avoir du contrejeu}) 69. Kd6 1-0

[Event "Open Ouest 06/07 (Istres)"]
[Site "?"]
[Date "2006.12.16"]
[Round "4"]
[White "Jullien, Patrick"]
[Black "Briquet, Xavier"]
[Result "1/2-1/2"]
[WhiteElo "1720"]
[BlackElo "1550"]
[Annotator "Alard,Francis"]
[PlyCount "63"]
[EventDate "2006.??.??"]

1. e4 d5 {B01: Scandinave} 2. exd5 Qxd5 3. Nc3 Qa5 4. Nf3 Nf6 5. h3 Bf5 6. Bc4
e6 7. d3 c6 8. O-O Nbd7 9. a3 Qc7 10. Re1 O-O-O 11. Nd4 Nb6 12. Nxf5 Nxc4 13.
Ne3 Ne5 14. Qe2 Ng6 15. Nc4 Nd5 16. Nxd5 exd5 17. Ne5 Nxe5 18. Qxe5 Qxe5 19.
Rxe5 Bd6 20. Re1 Rde8 21. Be3 b6 22. Bd4 f6 23. Kf1 Kd7 24. Rxe8 Rxe8 25. Re1
Rxe1+ 26. Kxe1 Be5 27. Bxe5 fxe5 28. Ke2 Ke6 29. Ke3 Kf5 30. Kf3 g5 31. g3 h6
32. c3 1/2-1/2

[Event "Open Ouest 06/07 (Istres)"]
[Site "?"]
[Date "2007.01.19"]
[Round "4"]
[White "Dufresne, Ali"]
[Black "Yriarte, Stéphane"]
[Result "0-1"]
[WhiteElo "1110"]
[BlackElo "1499"]
[Annotator "Fritz 7 (30s)"]
[PlyCount "64"]
[EventDate "2007.??.??"]

1. e4 e6 2. d3 {C00: French: Unusual White 2nd moves} d5 {
dernier coup de la bibliotheque} 3. e5 c5 4. Nd2 Nc6 5. Ngf3 Be7 (5... Qc7 6.
d4 $15) 6. g3 {Securise h4} (6. Nb3 $5 $11) 6... f6 7. exf6 Nxf6 8. c3 {
Controle b4+d4} (8. Bg2 O-O $15) 8... O-O 9. Bg2 e5 10. O-O Bg4 11. Qc2 Qd7 12.
Re1 Bd6 13. Nf1 Rae8 14. Be3 h6 15. b4 (15. a3 $5 $17) 15... cxb4 $19 16. c4
Kh8 (16... e4 17. dxe4 dxe4 18. N3d2 $19) 17. c5 (17. Nh4 Bh5 $17) 17... Bc7 (
17... Be7 $19) 18. Rad1 $2 (18. a3 Qf7 19. axb4 e4 20. dxe4 dxe4 $17 (20...
Rxe4 $6 21. b5 Rc4 22. Qd1 $11)) 18... Qc8 (18... Qf5 19. Nh4 Bxd1 20. Qxd1 $19
(20. Nxf5 $4 {les blancs s'etranglera avec} Bxc2 21. Nd6 Bxd6 22. cxd6 Bxd3 $19
)) 19. d4 $2 (19. Rb1 $142 $19) 19... e4 20. Nh4 Bxd1 21. Qxd1 Ne7 22. g4 (22.
f4 $19) 22... Qxg4 (22... Nxg4 $142 $5 {et les noirs peut se relaxer} 23. Bh3
Nxf2 24. Bxc8 Nxd1 25. Bd7 $19) 23. Qxg4 Nxg4 24. h3 (24. f3 {
ne peut pas changer le destin} exf3 25. Bxf3 Nxe3 26. Rxe3 Kh7 $19) 24... Nxe3
25. Rxe3 (25. Nxe3 {ne peut pas changer ce qui est en cours pour ?} Rf6 26. Bf1
Ref8 $19) 25... g5 26. Bxe4 (26. Nf3 {n'aide pas beaucoup} Nf5 27. N3d2 Nxd4
$19) 26... dxe4 27. Ng2 Nd5 (27... Nf5 $5 {peut etre le plus court chemin} 28.
Nd2 Nxe3 29. Nxe3 $19) 28. Re2 Bf4 (28... Rf3 {semble meme mieux} 29. Nfe3 Nf4
30. Nxf4 gxf4 31. Nd5 Rxh3 32. Nf6 $19) 29. Nd2 (29. Rb2 {n'est pas un salut}
Re7 $19) 29... Bxd2 30. Rxd2 Nf4 31. Ne1 (31. h4 {ne resout rien} Nh3+ 32. Kh2
Nxf2 33. hxg5 e3 $19) 31... Nxh3+ (31... e3 $142 $5 {semble mieux} 32. fxe3
Rxe3 33. c6 Rxe1+ 34. Kf2 $19) 32. Kg2 Nf4+ {Apres ce coup, les Blancs ont
joue un coup irregulier,mais la partie a continue jusqu'au 40 eme coup et
abandon des Blancs} (32... Nf4+ 33. Kh2 Rd8 $19) 0-1

[Event "Open Ouest 0607 (Istres)"]
[Site "?"]
[Date "2007.02.03"]
[Round "5"]
[White "Brot, Fabrice"]
[Black "Reymond, Jean-François"]
[Result "1-0"]
[WhiteElo "1630"]
[BlackElo "1499"]
[Annotator "Fritz 7 (30s)"]
[PlyCount "75"]

1. f4 d5 {A03: Bird's Opening with 1...d5} 2. b3 c5 3. Bb2 Nc6 4. e3 a6 5. Nf3
{dernier coup de la bibliotheque} 5... e6 6. d3 (6. Be2 Nf6 $11) 6... c4 (6...
Nh6 $5 $15 {est digne de consideration}) 7. dxc4 dxc4 (7... Nf6 $5 $11 {
merite d'etre regarde}) 8. Qxd8+ $16 Nxd8 9. Bxc4 Nf6 10. Nbd2 Be7 11. Bd3 Nc6
12. a3 O-O 13. Nc4 Nd5 14. Ke2 b5 (14... Bc5 15. Be4 $16) 15. Ncd2 Bc5 16. Nf1
(16. c4 bxc4 17. bxc4 Nxe3 $16) 16... Bb7 17. c4 bxc4 18. Bxc4 Nce7 19. g3 Nb6
(19... Rac8 20. Rc1 $14) 20. Bd3 $16 a5 21. N1d2 Bd5 (21... Rfd8 $5 $16) 22. e4
Bb7 23. Rhc1 Rac8 24. Nc4 (24. Bc3 a4 $18) 24... Nxc4 25. Rxc4 (25. Bxc4 $6
Bxe4 26. Ne5 Bd6 $14) 25... Ba7 26. Bd4 Rxc4 27. bxc4 (27. Bxc4 $6 Bxd4 28.
Nxd4 Bxe4 $14) 27... Nc6 28. Bxa7 Nxa7 29. Nd4 Nc6 30. Nxc6 Bxc6 31. Rb1 a4 32.
Rb4 Ra8 33. Ke3 g6 (33... f6 34. e5 $18) 34. e5 Ra5 (34... Kf8 35. Be4 Bxe4 36.
Kxe4 $18) 35. Be4 Bxe4 36. Kxe4 Kf8 37. Kd4 Ke7 38. c5 1-0

[Event "Open Ouest 0607 (Istres)"]
[Site "?"]
[Date "2007.02.03"]
[Round "5"]
[White "Alard, Francis"]
[Black "Briquet, Xavier"]
[Result "1/2-1/2"]
[WhiteElo "1570"]
[BlackElo "1520"]
[Annotator "Fritz 7 (120s)"]
[PlyCount "134"]

1. e4 d5 {B01: Scandinavian Defence} 2. exd5 Qxd5 3. Nc3 Qa5 4. d4 c6 5. Bc4
Nf6 6. Bd2 Qc7 7. h3 Bf5 8. Nf3 {dernier coup de la bibliotheque} 8... Nbd7 9.
g4 Bg6 10. Nh4 Be4 11. Nxe4 Nxe4 12. Qf3 Nd6 13. Bb3 e6 {Couvre d5+f5} 14.
O-O-O O-O-O 15. Bf4 Nb6 (15... c5 16. Qe2 $11) 16. Qe2 Nd5 17. Bh2 Qb6 18. Nf3
g6 (18... Nc7 $14) 19. Bxd6 (19. c4 $142 Qa6 20. Rhe1 $18) 19... Bxd6 $11 ({
Pire est} 19... Rxd6 20. c4 Qa6 21. Rd2 $16) 20. Ne5 Rhf8 (20... Nf4 21. Qe3
Bxe5 22. Qxe5 $11) 21. Nc4 Bf4+ 22. Kb1 Qc7 23. Ne5 f6 (23... c5 24. c3 $11)
24. Nd3 $14 Rfe8 25. Qf3 e5 26. Nxf4 (26. Rde1 $142 $5 $14 {
merite de la consideration}) 26... Nxf4 $15 {Une superbe case!} ({
Plus faible est} 26... exf4 27. c3 $14) 27. dxe5 Rxd1+ 28. Rxd1 Qxe5 29. c3 Kc7
(29... Qe4+ 30. Qxe4 Rxe4 31. f3 $15) 30. Rd4 (30. Bc2 g5 $11) 30... Qe1+ $17
31. Bd1 Nd5 (31... g5 32. Kc2 $17) 32. a3 {Controle b4} 32... a6 (32... g5 33.
Qf5 $15) 33. Ka2 (33. c4 Nb6 34. Qxf6 Kb8 $14) 33... Qe6 (33... g5 $5 $11) 34.
Bb3 $14 Rd8 35. Re4 Qd6 36. Bxd5 Qxd5+ 37. c4 Qd6 38. Qe3 Rd7 39. Qf4 (39. Re6
Qd3 40. Qxd3 Rxd3 41. Rxf6 Rxh3 $14) 39... Qxf4 40. Rxf4 Rd6 41. Re4 (41. c5
Re6 $14) 41... Kd7 42. f4 (42. c5 $5 {peut etre une alternative viable} 42...
Rd3 43. Rb4 Rxh3 44. Rxb7+ Ke6 45. Ra7 $11) 42... Rd3 $17 43. h4 {
les blancs preparent g5} 43... Rh3 44. g5 f5 45. Rd4+ Kc7 46. c5 Rxh4 47. b4 b6
48. Kb3 b5 (48... Rh3+ 49. Kb2 $15) 49. Kb2 h6 50. Rd6 hxg5 51. fxg5 f4 52.
Rxg6 f3 53. Rf6 Rh2+ 54. Kc3 f2 55. Rf3 $4 {fait oublier une victoire certaine}
(55. Rf7+ Kc8 $14) 55... Rg2 (55... Rh3 $142 $1 {clarifie la position} 56. Rxh3
f1=Q 57. Rh7+ Kc8 58. Rh8+ Kd7 $19) 56. Kd4 Kd7 57. Ke3 Rxg5 58. Kxf2 Ke6 59.
Rf8 Rd5 (59... a5 60. Rf4 $11) 60. Ke3 (60. Re8+ Kf5 $14) 60... Re5+ (60... Rh5
61. Ra8 $11) 61. Kd4 Rd5+ 62. Kc3 Rf5 63. Ra8 Rf3+ 64. Kb2 Kd5 65. Rxa6 Rf2+
66. Kb1 Rf1+ 67. Kc2 Rf2+ (67... Rf2+ 68. Kd3 Rf3+ 69. Ke2 Rc3 $11) 1/2-1/2

[Event "Open Ouest 0607 (Istres)"]
[Site "?"]
[Date "2007.02.02"]
[Round "5"]
[White "Jullien, Patrick"]
[Black "Dufresne, Saïd"]
[Result "1-0"]
[WhiteElo "1786"]
[BlackElo "1610"]
[Annotator "Fritz 7 (30s)"]
[PlyCount "81"]

1. d4 d5 2. Nf3 {D02: 1 d4 d5 2 Nf3 sidelines, including 2...Nf6 3 g3 and 
2...Nf6 3 Bf4} Bg4 3. Ne5 {dernier coup de la bibliotheque} 3... Nf6 4. Nxg4 Nxg4 5.
e3 (5. e4 $5 Nf6 6. e5 $14) 5... Nf6 $14 6. c4 c6 7. Nc3 e6 8. Bd3 Be7 9. O-O
O-O 10. b3 Nbd7 11. Bb2 h6 12. f3 {Securise e4+g4} 12... c5 13. Bc2 cxd4 14.
Qxd4 e5 (14... Bc5 15. Qd3 $15) 15. Qd3 $11 Nc5 $2 (15... dxc4 $142 $5 {
autoriserait les noirs a continuer} 16. bxc4 Nb6 $11) 16. Qf5 $16 dxc4 17. Rad1
Qc8 $2 (17... g6 18. Qxe5 Nfd7 19. Qg3 $16) 18. Qxe5 (18. Nd5 $142 {
et les blancs peut esperer une bonne partie} 18... Re8 19. Nxf6+ Bxf6 20. Qh7+
Kf8 21. Ba3 $18) 18... cxb3 $16 19. Nd5 (19. Qxe7 $2 {
peut etre interessant mais aussi causer des difficultes graves} 19... bxc2 20.
Rc1 Nd3 $19) (19. axb3 $6 {est sans comparaison} 19... Qe6 20. Qxe6 fxe6 $14)
19... Bd8 20. axb3 (20. Nxf6+ $4 {le cavalier est invulnerable} 20... Bxf6 21.
Qf5 Qxf5 22. Bxf5 Bxb2 23. axb3 a5 $19 (23... Nxb3 $6 24. Rb1 $19)) 20... Re8 (
20... Ncd7 21. Nxf6+ Bxf6 22. Qe4 $14) 21. Qd4 (21. Qg3 Ne6 22. Bf5 Nd4 23.
Qxg7+ Kxg7 24. Bxc8 Ne2+ 25. Kf2 Rxc8 $18) 21... Ne6 22. Qd3 (22. Nxf6+ $2 {
attire l'oil, mais} 22... Bxf6 23. Qd3 Bxb2 24. Qh7+ Kf8 $19) 22... Nf8 23.
Nxf6+ Bxf6 24. Bxf6 gxf6 25. Rfe1 Qc7 26. f4 Rac8 27. Bb1 Qb6 28. Kf2 Ng6 29.
h4 (29. Qf5 Rc3 30. Bd3 Qxb3 $14) 29... Rcd8 30. Qc2 Rc8 31. Qf5 Qxb3 (31...
Rc3 32. Bd3 $11) 32. Be4 (32. Qg4 $5 Kh8 33. Qh5 $16 (33. Bxg6 $6 fxg6 34. Qxg6
Qc2+ 35. Qxc2 Rxc2+ 36. Kf3 Re7 $11)) 32... Qb2+ 33. Kg3 (33. Re2 $5 Qb6 34. h5
$14) 33... Qb4 $11 34. Bb1 Rc3 35. h5 (35. Kf2 $5 $11 {a un apparent merite})
35... Rcxe3+ $17 36. Rxe3 Rxe3+ 37. Kf2 Qb2+ $4 {
un coup malheureux qui ote la victoire} (37... Qb6 $142 38. Kf1 Qa6+ 39. Kg1
Qe2 40. Rd8+ Kg7 $15) 38. Kxe3 $18 Qb6+ 39. Ke2 Qb2+ (39... Qe6+ {
la derniere chance de contrejeu} 40. Be4 Qxf5 41. Bxf5 Nxf4+ 42. Kf3 Ne6 $18)
40. Kf1 Nh4 (40... Qxg2+ {il n'y a rien de mieux dans la position} 41. Kxg2
Nh4+ 42. Kg3 Nxf5+ 43. Bxf5 b6 $18) 41. Rd8+ 1-0

[Event "Open Ouest 0607 (Istres)"]
[Site "?"]
[Date "2007.02.03"]
[Round "5"]
[White "Laorden, Joan"]
[Black "Frailinu, Jean-Bernard"]
[Result "1/2-1/2"]
[WhiteElo "1660"]
[BlackElo "1590"]
[Annotator "Fritz 7 (30s)"]
[PlyCount "83"]
[EventDate "2007.??.??"]

1. e4 e6 2. c4 {C00: French: Unusual White 2nd moves} c5 3. Nc3 Nc6 4. Nf3 d6
5. g3 Nf6 6. Bg2 g6 7. O-O Bg7 8. d3 O-O {dernier coup de la bibliotheque} 9.
a3 b6 10. Bg5 h6 11. Bh4 $2 (11. Be3 $142 $5 $11 {
et les blancs pourrait bien esperer continuer}) 11... g5 $17 12. Nxg5 hxg5 13.
Bxg5 Qd7 14. Qd2 Nh7 15. Bh6 f6 16. Bxg7 Qxg7 17. f4 Nd4 18. Rae1 Bb7 19. Ne2
f5 20. Nxd4 Qxd4+ 21. Kh1 Bxe4 22. Bxe4 fxe4 23. Rxe4 Qf6 24. Rfe1 Rfe8 25. b4
Rac8 26. Qe2 Nf8 27. Qg4+ Kf7 28. Qh5+ Ke7 29. g4 (29. Qd5 Kd7 30. Qb7+ Rc7 $17
) 29... Kd7 30. g5 (30. f5 $5 $17) 30... Qf5 $19 31. Qh6 (31. Qd1 Kc7 $19)
31... Ng6 32. bxc5 Re7 (32... dxc5 $5 33. Qg7+ Re7 34. Qf6 $19) 33. cxd6 Kxd6
34. Qh5 Nxf4 35. Qf3 e5 $4 {les noirs perd une partie gagnee} (35... Rf8 $142
36. Rf1 Ref7 $19) 36. h4 $4 {ruine une tres belle position} (36. d4 $142 {
doit eviter la defaite} 36... Rf8 37. Rf1 Qxg5 38. dxe5+ Rxe5 39. Rxf4 Rxf4 40.
Qxf4 Qxf4 41. Rxf4 $11) 36... Rh8 $19 37. Qg3 (37. Kg1 Rxh4 38. c5+ bxc5 39.
Ra4 Nh3+ 40. Kg2 Qxg5+ 41. Kf1 Rxa4 42. Qe3 Qf5+ 43. Ke2 Nf4+ 44. Kd1 Rxa3 45.
Re2 Nxe2 46. Qd4+ Nxd4 47. Ke1 Qf4 48. Kd1 Ra1#) 37... Ng6 (37... Reh7 38. Kg1
Rxh4 39. Rxe5 Rh1+ 40. Kf2 Nxd3+ 41. Kg2 Nxe5 42. Rxh1 Qe4+ 43. Kf1 Rxh1+ 44.
Qg1 Qf3+ 45. Ke1 Rxg1+ 46. Kd2 Qd3#) 38. d4 $4 {les blancs a craque.} (38. Kg1
$142 $19) 38... Rhe8 (38... Nxh4 $142 {
et maintenant il devient clair que les noirs va gagner} 39. dxe5+ Ke6 40. Rxh4
Rxh4+ 41. Qxh4 Rh7 42. Qxh7 Qxh7+ 43. Kg2 Qc2+ 44. Kf3 Qf5+ 45. Ke3 Qxg5+ 46.
Kd3 Qd8+ 47. Kc2 Qd4 $19) 39. c5+ bxc5 40. dxc5+ Kc6 (40... Kc7 $142 $5 41. Qd3
Qe6 $17) 41. Qg2 Kc7 (41... Kxc5 $4 {mene au mat in 3} 42. Qc2+ Kd6 43. Rd1+
Ke6 44. Qb3#) 42. Rf1 (42. Ra4 $142 $5 {est digne de consideration} 42... Ra8
43. Ra6 Nxh4 44. Qc6+ (44. Qxa8 $2 {semble seduisant, mais} 44... Qh3+ 45. Kg1
Qg3+ 46. Kf1 Qf4+ 47. Ke2 Qc4+ 48. Kd2 Qxa6 $19) 44... Kb8 45. Qb5+ Kc8 46.
Rc6+ Rc7 47. Rxc7+ Kxc7 48. Qa5+ Kc8 49. Qa6+ Kb8 50. Qd6+ Kc8 51. Qc6+ Kb8 52.
Qe8+ Kb7 53. Qb5+ Kc7 54. Qa5+ Kc8 55. Qa6+ Kb8 56. Qd6+ Kc8 57. Qc6+ Kb8 58.
Qd6+ $11) 1/2-1/2

[Event "Open Ouest 0607 (Istres)"]
[Site "?"]
[Date "2007.02.03"]
[Round "5"]
[White "Yriarte, Stéphane"]
[Black "Calatayud, Stéphane"]
[Result "0-1"]
[WhiteElo "1499"]
[BlackElo "1570"]
[Annotator "Fritz 7 (30s)"]
[PlyCount "86"]
[EventDate "2007.??.??"]

1. d4 Nf6 {
E61: King's Indian: Early deviations for White, including Smyslov System} 2. c4
d6 3. Nc3 g6 4. Bg5 Bg7 5. Qd2 h6 6. Bh4 Nbd7 {dernier coup de la bibliotheque}
7. e4 c6 {Consolide b5+d5} 8. f3 {Securise g4} a5 9. a4 O-O 10. Bf2 b6 11. Be3
Kh7 12. Bd3 Bb7 13. Nge2 e5 14. d5 {Les blancs gagne de l'espace} Rc8 15. O-O
c5 16. Rf2 Qe7 17. g3 Ba6 18. b3 Rce8 19. Kg2 g5 (19... Bc8 20. g4 $14) 20. Rh1
$16 Rh8 21. Kf1 Nf8 22. Ke1 Ng6 23. Kd1 Rhf8 24. Rg2 Qd7 {
les noirs ont l'intention g4} 25. Ng1 g4 26. Be2 gxf3 27. Bxf3 Ng4 28. Bxg4
Qxg4+ 29. Qe2 (29. Kc1 f5 $16) 29... Qxe2+ 30. Kxe2 (30. Ngxe2 $5 Bc8 31. g4
$16) 30... f5 $11 {Nimzovich: attaquez la chaine de pions a la base} 31. Bd2 f4
(31... Bc8 32. Rf2 $11) 32. Nf3 $14 Re7 33. Rf2 Ref7 34. gxf4 (34. g4 Bc8 35.
g5 Bg4 $14) 34... Nxf4+ 35. Bxf4 Rxf4 36. Rhf1 Bc8 37. Nd2 (37. Ng1 Bg4+ 38.
Ke1 Bf6 39. Rxf4 exf4 $15) 37... Bg4+ (37... Bh3 $5 $17) 38. Ke1 $15 Bh3 39.
Rxf4 exf4 ({Plus faible est} 39... Rxf4 40. Ne2 Rh4 41. Rf2 $11) 40. Rf2 $4 (
40. Rf3 $142 {serait un sursis} Bg4 41. Rd3 $15) 40... Bxc3 $19 41. Ke2 Bxd2
42. Kxd2 f3 43. Ke3 Bg2 (43... Bg2 44. Kd2 Rf4 $19) 0-1

[Event "Open Ouest 0607 (Istres)"]
[Site "?"]
[Date "2007.02.03"]
[Round "5"]
[White "Lagrange, Daniel"]
[Black "Person, Claude"]
[Result "0-1"]
[WhiteElo "1499"]
[BlackElo "1400"]
[Annotator "Fritz 7 (30s)"]
[PlyCount "80"]
[EventDate "2007.??.??"]

1. e4 d6 {dernier coup de la bibliotheque} 2. h3 {B07: Pirc Defence: 
Miscellaneous Systems} Nd7 3. Nf3 Nc5 4. d3 {Controle e4} 4...
h6 {Couvre g5} 5. Nc3 e5 6. Be2 c6 {Consolide b5+d5} 7. b4 Nd7 8. a3 Ngf6 9.
Bb2 a5 10. O-O a4 11. Qd2 b5 12. Bd1 Be7 {
Les noirs est en retard de developpement.} 13. Ne2 Nh5 14. c3 O-O 15. d4 (15.
c4 bxc4 16. dxc4 Nb6 $11) 15... Nhf6 (15... Nb6 16. Qc2 Nc4 17. Bc1 $15) 16.
Rc1 (16. Ng3 $142 $5 $11 {merite de la consideration}) 16... Nxe4 $15 17. Qe3
f5 18. Bc2 (18. c4 Nb6 19. cxb5 cxb5 20. dxe5 Nc4 21. Rxc4 bxc4 $15) 18... Ng5
(18... Nb6 19. Rcd1 Nc4 20. Qc1 $19) 19. dxe5 $2 (19. Nxg5 $142 Nb6 20. Bb1
Bxg5 21. f4 exf4 22. Nxf4 $17) 19... d5 $4 {
n'est pas une bonne decision car l'adversaire revient dans la partie} (19...
Nxf3+ $142 {et les noirs peut prendre le meilleur} 20. Qxf3 Nxe5 $19) 20. Rcd1
(20. Nfd4 $142 f4 21. Nxf4 Nxe5 22. Qxe5 $14) 20... Nxf3+ $15 21. gxf3 Nb6 22.
Bd3 $2 (22. f4 $15) 22... Be6 $4 {jetant a l'eau son avantage} (22... f4 $142 {
l'avantage est du cote de les noirs} 23. Qd4 Bxh3 $19) 23. Nd4 $11 Bd7 24. e6 {
e6 peut etre un pion fort} 24... Be8 25. Nxf5 ({Pas} 25. Bxf5 Nc4 26. Qe2 c5
27. bxc5 Bxc5 $17) 25... Nc4 26. Bxc4 (26. Nxh6+ $142 $5 {
peut etre une alternative viable} 26... Kh8 27. Bxc4 bxc4 28. Ng4 $14) 26...
bxc4 $15 27. Nxe7+ (27. Qe5 $142 $5 {doit etre considere} 27... Rf6 28. Rfe1
$15 (28. Nxe7+ $143 Qxe7 29. Rfe1 Rd8 $17)) 27... Qxe7 $17 28. Rd4 (28. Rd2 Bg6
29. b5 Rf6 30. bxc6 Rxe6 $19) 28... Rf6 $19 29. Re1 Bh5 (29... Bg6 30. Qd2 $19)
30. f4 Bg6 31. b5 Rb8 (31... Qb7 $142 $17) 32. Re2 $2 (32. bxc6 Be4 33. c7 Qxc7
34. Rxe4 dxe4 35. Qxe4 Rxf4 36. Qd5 $19) 32... Rxb5 $19 33. Rdd2 Bf5 34. Kh2
Rb8 35. Ba1 (35. Qg3 $19) 35... Rb1 36. Bb2 (36. Qe5 {
n'est pas bon, mais quoi d'autre?} 36... Bxh3 $1 {NOTEXT: 246} 37. Qh5 Rxf4 38.
f3 Bxe6 39. Rd4 $19) 36... Rxe6 37. Qg3 (37. Qf3 {en priant la sainte madone}
37... Rxe2 38. Rxe2 $19) 37... Rxe2 38. Rxe2 (38. Rxd5 {
ne peut pas changer le destin} 38... Qe4 39. Bc1 Rxc1 40. Qxg7+ Kxg7 41. Rd7+
Bxd7 42. Kg3 Rxc3+ 43. Kh2 Rxh3+ 44. Kg1 Re1#) 38... Qxe2 39. h4 (39. Bc1 {
ne peut pas changer ce qui est en cours pour ?} 39... Rxc1 40. Qe3 Qf1 41. Qe8+
Kh7 42. Qg8+ Kxg8 43. Kg3 Qxh3#) 39... Qe4 (39... Rf1 40. Kg2 Be4+ 41. Kh3 Rh1+
42. Qh2 Qf3#) 40. h5 (40. Bc1 {n'est pas d'une grande aide} 40... Rxc1 41. Qg2
Qxf4+ 42. Qg3 Qe4 43. f3 Qe2+ 44. Qg2 Qe5+ 45. f4 Qxf4+ 46. Qg3 Rc2+ 47. Kh1
Qc1+ 48. Qe1 Qxe1#) 40... Qh1# 0-1